| 000 | 00526nam a2200169Ia 4500 | ||
|---|---|---|---|
| 003 | GCL | ||
| 008 | 140319s9999 xx 000 0 eng d | ||
| 040 |
_aGCL / _cGCL |
||
| 082 | 0 | 4 |
_a005.10685 _bF S |
| 100 | 1 | _aFREDINAND, ATHUR E | |
| 245 | 1 | 0 |
_aSYSTEMS,SOFTWARE,AND QUALITY ENGINEERING: APPLYING DEFECT BEHAROUR THE ORY TO PROGRAMMING / _cFREDINAND, ATHUR E |
| 260 |
_a[S.N] : _bVAN NOSTRAND REINHOLD ، _c1993 |
||
| 300 | _a416 P | ||
| 650 | 0 | 4 | _aSOFTWARE ENGINEERING |
| 650 | 0 | 4 | _aSYSTEM ENGINEERING |
| 942 |
_2ddc _cBK |
||
| 999 |
_c24680 _d24680 |
||